The school of velocity, op. 299. (Record no. 685)
[ view plain ]
| 000 -LEADER | |
|---|---|
| fixed length control field | 00799cam a2200265u 4500 |
| 001 - CONTROL NUMBER | |
| control field | 10035829 |
| 003 - CONTROL NUMBER IDENTIFIER | |
| control field | OSt |
| 005 - DATE AND TIME OF LATEST TRANSACTION | |
| control field | 20140310181636.0 |
| 008 - FIXED-LENGTH DATA ELEMENTS--GENERAL INFORMATION | |
| fixed length control field | 841120s1893 nyu 000 0 eng |
| 010 ## - LIBRARY OF CONGRESS CONTROL NUMBER | |
| LC control number | unk84149193 |
| 040 ## - CATALOGING SOURCE | |
| Original cataloging agency | DLC |
| Transcribing agency | CarP |
| Modifying agency | DLC |
| 050 00 - LIBRARY OF CONGRESS CALL NUMBER | |
| Classification number | MT 225 |
| Item number | .V885 1893 |
| 082 ## - DEWEY DECIMAL CLASSIFICATION NUMBER | |
| Classification number | TR 786.2 |
| Item number | V86 1939 |
| 100 1# - MAIN ENTRY--PERSONAL NAME | |
| Personal name | Czerny, Carl, |
| Dates associated with a name | 1791-1857. |
| 9 (RLIN) | 1864 |
| 240 00 - UNIFORM TITLE | |
| Uniform title | <a href="Schule der Geläufigkeit. [from old catalog]">Schule der Geläufigkeit. [from old catalog]</a> |
| 245 14 - TITLE STATEMENT | |
| Title | The school of velocity, op. 299. |
| 260 ## - PUBLICATION, DISTRIBUTION, ETC. (IMPRINT) | |
| Place of publication, distribution, etc | New York, |
| Name of publisher, distributor, etc | G. Schirmer, |
| Date of publication, distribution, etc | 1893. |
| 300 ## - PHYSICAL DESCRIPTION | |
| Extent | 101 p. : |
| Dimensions | 30 cm. |
| 521 ## - TARGET AUDIENCE NOTE | |
| Target audience note | |
| 541 ## - IMMEDIATE SOURCE OF ACQUISITION NOTE | |
| -- | 1 |
| 562 ## - COPY AND VERSION IDENTIFICATION NOTE | |
| Number of copies | For circulation. One copy available in the collection |
| 650 #0 - SUBJECT ADDED ENTRY--TOPICAL TERM | |
| Topical term or geographic name as entry element | Piano |
| Form subdivision | Studies and exercises. |
| 9 (RLIN) | 1865 |
| 906 ## - LOCAL DATA ELEMENT F, LDF (RLIN) | |
| a | 0 |
| b | cbc |
| c | premunv |
| d | u |
| e | ncip |
| f | 19 |
| g | y-gencatlg |
| 942 ## - ADDED ENTRY ELEMENTS (KOHA) | |
| Source of classification or shelving scheme | Library of Congress Classification |
| Koha item type | |
| Call number prefix | |
| Withdrawn status | Lost status | Source of classification or shelving scheme | Damaged status | Home library | Current library | Shelving location | Date acquired | Total Checkouts | Full call number | Barcode | Date last seen | Copy number | Price effective from | Koha item type |
|---|---|---|---|---|---|---|---|---|---|---|---|---|---|---|
| Library of Congress Classification | Luxembourg Library | Luxembourg Library | Teachers Reference Section | 03/17/2012 | MT 225 .V885 1893 | 12772 | 05/25/2015 | 1 | 10/03/2013 | Books |